The BIM manager's Handbook (Record no. 115804)
[ view plain ]
| 000 -LEADER | |
|---|---|
| fixed length control field | 00998cam a22002055a 4500 |
| 001 - CONTROL NUMBER | |
| control field | L159322 |
| 008 - FIXED-LENGTH DATA ELEMENTS--GENERAL INFORMATION | |
| fixed length control field | 160811s2016 xxk f 000 0 eng d |
| 020 ## - INTERNATIONAL STANDARD BOOK NUMBER | |
| International Standard Book Number | 9781118982402 |
| 035 ## - SYSTEM CONTROL NUMBER | |
| System control number | (Sirsi) u159322 |
| 041 0# - LANGUAGE CODE | |
| Language code of text/sound track or separate title | eng |
| 100 1# - MAIN ENTRY--PERSONAL NAME | |
| Personal name | Holzer, Dominik |
| 245 04 - TITLE STATEMENT | |
| Title | The BIM manager's Handbook |
| Medium | [electronic resource] |
| 260 ## - PUBLICATION, DISTRIBUTION, ETC. | |
| Place of publication, distribution, etc. | Oxford |
| Name of publisher, distributor, etc. | John Wiley & Sons Inc |
| Date of publication, distribution, etc. | 2016 |
| 520 ## - SUMMARY, ETC. | |
| Summary, etc. | Provides in-depth account of the that any BIM Manager or staff member, who is actively engaged in the delivery of project, is required to undertake. Includes significant topics around BIM management including what is required to excel as a BIM manager, communication skills to maximise efficient information flow between the BIM manager and others and how to promote BIM excellence within an organisation and beyond. |
| 590 ## - LOCAL NOTE (RLIN) | |
| Local note | KA |
| 651 #4 - SUBJECT ADDED ENTRY--GEOGRAPHIC NAME | |
| Geographic name | UNITED KINGDOM |
| 690 ## - LOCAL SUBJECT ADDED ENTRY--TOPICAL TERM (OCLC, RLIN) | |
| Topical term or geographic name as entry element | BIM |
| 9 (RLIN) | 6219 |
| 856 40 - ELECTRONIC LOCATION AND ACCESS | |
| Uniform Resource Identifier | <a href="https://www.vlebooks.com/">https://www.vlebooks.com/</a> |
| Public note | View on VLEbooks. Logins for members only from [email protected] |
| 942 ## - ADDED ENTRY ELEMENTS (KOHA) | |
| Suppress in OPAC | 0 |
| Withdrawn status | Lost status | Source of classification or shelving scheme | Damaged status | Not for loan | Home library | Current library | Shelving location | Date acquired | Total Checkouts | Full call number | Barcode | Date last seen | Copy number | Price effective from | Koha item type |
|---|---|---|---|---|---|---|---|---|---|---|---|---|---|---|---|
| Dewey Decimal Classification | Virtual | Virtual | Online | 11/08/2016 | ONLINE PUBLICATION | 159322-2001 | 06/08/2019 | 1 | 06/08/2019 | Book |